Marine ecology and fisheries

Αποθηκεύτηκε σε:
Λεπτομέρειες βιβλιογραφικής εγγραφής
Κύριος συγγραφέας: Cushing, D. H.
Μορφή: Βιβλίο
Γλώσσα:English
Δημοσίευση: Cambridge : Cambridge University Press, 1975
Θέματα:
Ετικέτες: Προσθήκη ετικέτας
Δεν υπάρχουν, Καταχωρήστε ετικέτα πρώτοι!

MARC

LEADER 00000nam a2200000 i 4500
001 1/70926
008 970107s1975 eng d
020 |a 0-521-20501-8 
035 |l 10002639 
040 |a GR-MY-UA  |b gre  |e aacr 
041 0 |a eng 
082 0 |a 597.0524 
100 1 |a Cushing, D. H. 
245 1 0 |a Marine ecology and fisheries /  |c D. H. Cushing 
260 |a Cambridge :   |b Cambridge University Press,   |c 1975 
300 |a xiv, 278 p.;  |b ill.;  |c 24 cm 
504 |a Bibliography: p. 247-271. Includes index 
650 0 0 |a Fish populations. 
650 0 0 |a Marine ecology. 
650 0 0 |a Fisheries. 
852 |a INST  |b LESVOS  |e 19970107  |h 597.0524 CUS  |p 005100008743  |q 005100008743  |t BK  |y 0 
909 |a Λ  |b 01824